000 01644nam a2200397 i 4500
001 73292
003 ES-MaACL
005 20250704062544.0
007 t|
008 040420s2004 sp ac c |||| |dspa d
020 _a84-930992-9-5
080 _a75.041.5:069.538(460.27 M.)
080 _a061.21(460.27)Ateneo(091)
110 2 _aAteneo de Madrid.
_91875
245 1 0 _aGalería de Retratos /
_c[coordinación editorial, Daniel Pacheco, Alejandro R. Díez Torre y Alejandro Sanz ; secretaría, Elena Hernández ; prólogo, Alicia Moreno Espert ; presentación, José Luis Abellán ; introducción, Antonio Bonet Correa].
250 _a1ª ed.
260 _aMadrid :
_bAteneo Científico, Literario y Artístico, con el patrocinio del Ayuntamiento de Madrid,
_c2004.
300 _a345 p. :
_bprincipalmente il. col., retr. ;
_c25 cm.
500 _aÍndice onomástico.
610 2 4 _aAteneo de Madrid-
_vHistoria
_91925
610 2 4 _aAteneo de Madrid-
_xPersonajes
_91931
610 2 4 _aAteneo de Madrid-
_xColecciones de arte.
_91905
650 1 4 _aEspañoles-
_yS.XIX-
_xBiografías.
_912478
650 1 4 _aEspañoles-
_yS.XX-
_xBiografías.
_912480
650 4 _aEspañoles-
_xRetratos.
_9143788
650 4 _aPintura de retrato-
_zEspaña.
_9151002
700 1 _aPacheco Fernández, Daniel
_988132
700 1 _aDíez Torre, Alejandro R.
_944776
700 1 _aSanz, Alejandro,
_d1967-
_9103558
700 1 _aHernández, Elena.
_962800
852 4 _aES-MaACL
_jL-27399
_z- Enc. tela
852 4 _aES-MaACL
_jL-27687
_z- Enc. tela
852 4 _aES-MaACL
_jL-28118
_z- Enc. tela
942 _2udc
999 _c73292
_d73292